North American Female Singers By Initials - Statistics

General Stats
  • This quiz has been taken 73 times
  • The average score is 5 of 17
Answer Stats
Hint Answer % Correct
TS Taylor Swift
74%
M Madonna
72%
R Rihanna
64%
DR Diana Ross
43%
TT Tina Turner
43%
BS Britney Spears
36%
JJ Janet Jackson
36%
AF Aretha Franklin
34%
BE Billie Eilish
28%
NM Nicki Minaj
26%
CD Celine Dion
23%
DS Donna Summer
23%
GE Gloria Estefan
17%
BC Belinda Carlisle
15%
AM Anne Murray
11%
CF Connie Francis
2%
KC Kim Carnes
2%
No matching quizzes found
Score Distribution
Percent of People with Each Score
Percentile by Number Answered
Your Score History
You have not taken this quiz